000 00292nam a22001337a 4500
008 170426b xxu||||| |||| 00| 0 eng d
020 _a9780534389994
041 _aeng
080 _26TH
_a547
100 _a12
101 _aSHM
245 _aORGANIC CHEMISTRY
_cMCMURRY, J
942 _2udc
_cBK
999 _c12070
_d12070